000 00575nam a2200181Ia 4500
008 090123s9999 xx 000 0 und d
082 _b22511
100 _aपरांजपे ग.प्र.
245 _aसहशालेय उपक्रम
250 _a0
260 _bअतुल प्रकाशन
_c1990
300 _a61
600 _aपरांजपे ग.प्र.
630 _aसहशालेय उपक्रम
700 _aपरांजपे ग.प्र.
730 _aसहशालेय उपक्रम
942 _cBOOK
999 _c60583
_d60583